| 000 | 01824nam a2200541 i 4500 | ||
|---|---|---|---|
| 001 | 3495 | ||
| 003 | KOSZ 005 | ||
| 005 | 20200421125101.0 | ||
| 008 | 971113s1987 pl a |000 0 pol | ||
| 015 | _aUWD 1988/75 | ||
| 020 | _a8301068515 | ||
| 035 | _a991002930409705066 | ||
| 035 | _a(PL-WaBN)b10794037-48omnis_nlop | ||
| 035 | _ab10794037 | ||
| 035 | _a(OCoLC)749841882 | ||
| 035 | _a(PL)b0000001079403 | ||
| 035 | _a(EXLNZ-48OMNIS_NETWORK)9910322474905606 | ||
| 040 |
_aWA N _cWA N _dKOSZ 005/AR |
||
| 041 | _apol | ||
| 044 | _apl | ||
| 046 | _k1987 | ||
| 080 | _a621.313 | ||
| 080 | _a621.314 | ||
| 080 | _a621.382 | ||
| 080 | _a(075.8) | ||
| 100 | 1 |
_aTunia, Henryk _d(1925- ) _eAutor |
|
| 245 | 1 | 0 |
_aAutomatyka napędu przekształtnikowego / _cHenryk Tunia, Marian Kaźmierkowski. |
| 260 |
_aWarszawa : _bPaństwowe Wydawnictwo Naukowe, _c1987. |
||
| 300 |
_a572 strony : _bilustracje ; _c24 cm. |
||
| 336 |
_aTekst _btxt _2rdacontent |
||
| 337 |
_aBez urządzenia pośredniczącego _bn _2rdamedia |
||
| 338 |
_aWolumin _bnc _2rdacarrier |
||
| 380 | _aKsiążki | ||
| 388 | _a1901-2000 | ||
| 388 | _a1945-1989 | ||
| 504 | _aBibliografia na stronach 568-572. | ||
| 511 | _a Książka przeznaczona jest dla studentów wydziałów elektrycznych wyższych uczelni technicznych. | ||
| 650 | 7 |
_aNapęd elektryczny _2DBN |
|
| 650 | 7 | _aPrzekształtniki | |
| 650 | 7 |
_aTyrystor _2DBN |
|
| 655 | 7 |
_aPodręczniki akademickie _2DBN |
|
| 658 | _aInżynieria i technika | ||
| 700 | 1 |
_aKaźmierkowski, Marian Piotr _d(1943- ) _eAutor |
|
| 710 |
_4pbl _aPaństwowe Wydawnictwo Naukowe |
||
| 856 |
_uhttp://koha.tu.koszalin.pl/cgi-bin/koha/opac-detail.pl?biblionumber=3495 _yKatalog online BPK |
||
| 942 |
_2UKD _cKS |
||
| 999 |
_c3495 _d3495 |
||